000 00474nam a2200193Ia 4500
008 220531s9999 xx 000 0 und d
041 _aeng
082 _a-
_bGHA
100 _aGhare, D.
_968751
245 _aPersonality Development
250 _a1ST
260 _aPune
_bNirali
_c2014
300 _a5.32
542 _d10-07-2014
551 _aBba
_bNon-grant-BBA
650 _aPersonality Development
_968752
906 _d2014-2015
_f501
999 _c38607
_d38607